000 00705nam a2200241Ia 4500
003 OSt
005 20220926000814.0
006 a|||||r|||| 00| 0
007 ta
008 220923b |||||||| |||| 00| 0 eng d
037 _cGeneral Book
040 _aRTL
_cRTL
_beng
041 _2eng
_aeng
082 _aU44.273.N8, M5
100 _aJagdish Singh
_9303025
245 0 _aUpper Damodar Valley
_b A study in settlement geogr
260 _a New Delhi
_bInter-India India
_c1985
300 _axvi,267p.
_ccm.
500 _aBib p. 253-63; Appendix p. 239-52
650 _aRural Geography
942 _hU44.273.N8, M5
_cGB
_2CC
999 _c599790
_d599790